Miguel Angel

Gespeichert in:
Bibliographische Detailangaben
1. Verfasser: Merejkovsky, Dmitry Merejkovsky, Dimitri (autor)
Format: Buch
Sprache:Spanisch
Veröffentlicht: Buenos Aires Argonauta 1946
Schriftenreihe:Biblioteca Moderna
Schlagworte:
Tags: Tag hinzufügen
Keine Tags, Fügen Sie den ersten Tag hinzu!

MARC

LEADER 00000nam a2200000 a 4500
001 UCT5564
003 CL-VaPUC
008 961216e19460000AG |||||||||||||||||spa|d
082 0 4 |a 891.703  |b MER  |2 21 
100 |a Merejkovsky, Dmitry   |e autor  |q Merejkovsky, Dimitri  |9 580096 
245 1 0 |a Miguel Angel 
300 |a 166 p 
942 |c BK 
945 |d 19961216 00:00:00  |a nastorga 
260 |a Buenos Aires  |b Argonauta  |c 1946 
650 0 |a Novelas rusas   |9 316330 
583 |a last modification  |c 19961216 00:00:00  |k Rodrigo Vera 
490 0 |a Biblioteca Moderna 
999 |c 254468  |d 254466 
952 |0 0  |1 0  |4 0  |6 891_703000000000000_MER_1946  |7 0  |8 A  |9 276162  |a BIBEDU  |b BIBEDU  |d 2019-11-19  |i 3259439  |o 891.703 MER 1946  |p 3259439  |r 2019-11-19  |w 2019-11-19  |y BK  |k LIT